• 首页
  • 本馆介绍
  • 公告通知
  • 最新文献
  • 馆藏检索
  • 电子资源
  • 读者导购
  • 参考咨询
  • 我的图书馆
  • 登录
  • 详细信息显示
  • 放入我的书架
  • 预约/预借图书
  • 作者相关作品
  • 分类相关作品
  • 丛书相关作品
  • 出版社相关作品

书目信息

  • 表格格式
  • 工作单格式
  • 卡片格式
题名:
阳台种花与景观设计
    
 
作者: ;花草游戏编辑部 编
分册:  
出版信息: 福州   福建科学技术出版社  2014
页数: 191页
开本: 24cm
丛书名:
单 册:
中图分类: S68 , TU986.4
科图分类:
主题词: 阳台--花卉--观赏园艺 , 阳台--景观设计
电子资源:
ISBN: 978-7-5335-4588-8
000 01028nam0 2200289 450
001 012015000017
005 20151130095543.32
010    @a978-7-5335-4588-8@dCNY32.00
100    @a20141011d2014 em y0chiy50 ea
101 0  @achi
102    @aCN@b350000
105    @aa z 000yy
106    @ar
200 1  @a阳台种花与景观设计@Ayang tai zhong hua yu jing guan she ji@dPlanting in veranda@e珍藏版@f《花草游戏》编辑部编@zeng
210    @a福州@c福建科学技术出版社@d2014
215    @a191页@c图@d24cm
300    @a绿指环生活书系
305    @a经台湾城邦文化事业股份有限公司麦浩斯出版事业部授权
330    @a本书介绍了阳台各个朝向种植植物的所有细节,集结了阳台种花会遇到的所有疑难杂症,20个案例和200个问与答,一次性满足阳台景观设计的所有需求。
510 1  @aPlanting in veranda@zeng
606 0  @a阳台@x花卉@x观赏园艺
606 0  @a阳台@x景观设计
690    @aS68@v5
690    @aTU986.4@v5
711 02 @a花草游戏编辑部@Ahua cao you xi bian ji bu@4编
801  0 @aCN@b碧洲教育@c20151127
905    @a10447@f4@dS68@e398
    
    阳台种花与景观设计=Planting in veranda:珍藏版/《花草游戏》编辑部编.-福州:福建科学技术出版社,2014
    191页:图;24cm
    绿指环生活书系
    
    ISBN 978-7-5335-4588-8:CNY32.00
    本书介绍了阳台各个朝向种植植物的所有细节,集结了阳台种花会遇到的所有疑难杂症,20个案例和200个问与答,一次性满足阳台景观设计的所有需求。
●
相关链接 在E读中查询图书 在五车中查询图书 在当当中查询图书 在豆瓣中查询图书


正题名:阳台种花与景观设计     索取号:S68/398         预约/预借

序号 登录号 条形码 馆藏地/架位号 状态 备注
1 0871630   208716308   第二样本阅览室/ [索取号:S68/398] 在馆    
2 0871631   208716317   第三借阅区/ [索取号:S68/398] 在馆    
3 0871632   208716326   第三借阅区/ [索取号:S68/398] 在馆    
4 0871633   208716335   第三借阅区/ [索取号:S68/398] 在馆    
唐山师范学院图书馆 欢迎您!
大连网信软件有限公司© 版权所有